Zero draft (Record no. 112224)

MARC details
000 -LEADER
fixed length control field 01179cad a22001935a 4500
001 - CONTROL NUMBER
control field L152828
008 - FIXED-LENGTH DATA ELEMENTS--GENERAL INFORMATION
fixed length control field 110504s2011 xxk f 000 0 eng d
035 ## - SYSTEM CONTROL NUMBER
System control number (Sirsi) u152828
041 0# - LANGUAGE CODE
Language code of text/sound track or separate title eng
110 2# - MAIN ENTRY--CORPORATE NAME
Corporate name or jurisdiction name as entry element Food and Agriculture Organization of the United Nations
245 00 - TITLE STATEMENT
Title Zero draft
Remainder of title voluntary guidelines on the responsible governance of tenure of land and other natural resources
Medium [electronic resource]
260 ## - PUBLICATION, DISTRIBUTION, ETC.
Place of publication, distribution, etc. [S.l.]
Name of publisher, distributor, etc. UN
Date of publication, distribution, etc. 2011
520 ## - SUMMARY, ETC.
Summary, etc. Seeks to gather comments on the guidelines from the perspective of stakeholkers including relevant government bodies and the public sector, civil society and professional organisations. Also allows interested parties who were not able to attend the regional consultations to contribute in the drafting of the Voluntary Guidelines. The consultation is available in all six FAO languages and runs from 18 April 2011 to 16 May
590 ## - LOCAL NOTE (RLIN)
Local note KA NTK
651 #4 - SUBJECT ADDED ENTRY--GEOGRAPHIC NAME
Geographic name International
690 ## - LOCAL SUBJECT ADDED ENTRY--TOPICAL TERM (OCLC, RLIN)
Topical term or geographic name as entry element ENVIRONMENTAL AND LAND CONSULTANCY-LAND MANAGEMENT
856 40 - ELECTRONIC LOCATION AND ACCESS
Uniform Resource Identifier <a href="https://www.fao.org/fileadmin/user_upload/nr/land_tenure/econsultation/english/Zero_Draft_VG_Final.pdf">https://www.fao.org/fileadmin/user_upload/nr/land_tenure/econsultation/english/Zero_Draft_VG_Final.pdf</a>
Public note View the report free of charge at www.fao.org
942 ## - ADDED ENTRY ELEMENTS (KOHA)
Suppress in OPAC 0
Holdings
Withdrawn status Lost status Source of classification or shelving scheme Damaged status Not for loan Home library Current library Shelving location Date acquired Total Checkouts Full call number Barcode Date last seen Copy number Price effective from Koha item type
    Dewey Decimal Classification     Virtual Virtual Online 04/05/2011   ONLINE PUBLICATION 152828-2001 06/08/2019 1 06/08/2019 Book